Central Library and Information Centre
Sibsagar Girls' College, Sivasagar : Assam

SARA GURIR AAJAN (Record no. 2973)

MARC details
000 -LEADER
fixed length control field 00396cam a2200169ua 4500
008 - FIXED-LENGTH DATA ELEMENTS--GENERAL INFORMATION
fixed length control field 190426n1988 II |||gr||||Z||||||asm
040 ## - CATALOGING SOURCE
Original cataloging agency MAIN
041 ## - LANGUAGE CODE
-- English
082 ## - DEWEY DECIMAL CLASSIFICATION NUMBER
Classification number 491.4509 RAH
100 ## - MAIN ENTRY--PERSONAL NAME
Personal name RAHMAN, HAFIJUR.
245 ## - TITLE STATEMENT
Title SARA GURIR AAJAN
260 ## - PUBLICATION, DISTRIBUTION, ETC.
Place of publication, distribution, etc. SIBSAGAR
Name of publisher, distributor, etc. SIBSAGAR GIRLS COLLEGE
Date of publication, distribution, etc. 1988
300 ## - PHYSICAL DESCRIPTION
Extent 79.:
Dimensions 20CM.
942 ## - ADDED ENTRY ELEMENTS (KOHA)
Koha item type Books
653 ## - INDEX TERM--UNCONTROLLED
Uncontrolled term Asamar Sanskriti
Holdings
Withdrawn status Lost status Damaged status Not for loan Collection code Home library Current library Shelving location Date acquired Full call number Barcode Date last seen Copy number Price effective from Koha item type Public note
        TBHIS Central Library and Information Centre Sibsagar Girls College Central Library and Information Centre Sibsagar Girls College HISTORY RACK 07.03.1985 491.4509 RAH 11219 27.02.2020 1 27.02.2020 Books V
        REFASM Central Library and Information Centre Sibsagar Girls College Central Library and Information Centre Sibsagar Girls College ASSAMESE OLD REFERENCE 07.03.1985 491.4509 RAH 11220 27.02.2020 2 27.02.2020 Books V
        REFASM Central Library and Information Centre Sibsagar Girls College Central Library and Information Centre Sibsagar Girls College Assamese Culture 07.03.1985 491.4509 RAH 11221 27.02.2020 3 27.02.2020 Books  


Sibsagar Girl's College © 2020. All rights reserved.
Powered by Koha.
Maintained by Abhijit Borpuzari.